Shaping tradition : Art and diversity in the essay
Gardado en:
| Autor Principal: | |
|---|---|
| Formato: | Libro |
| Idioma: | Undetermined |
| Publicado: |
Fort Worth
Harcourt Brace Jovanovich College Publishers
1992
|
| Những chủ đề: | |
| Các nhãn: |
Engadir etiqueta
Sen Etiquetas, Sexa o primeiro en etiquetar este rexistro!
|
| Thư viện lưu trữ: | Trung tâm Học liệu Trường Đại học Cần Thơ |
|---|
| LEADER | 00644nam a2200205Ia 4500 | ||
|---|---|---|---|
| 001 | CTU_186443 | ||
| 008 | 210402s9999 xx 000 0 und d | ||
| 082 | |a 808.84 | ||
| 082 | |b T856 | ||
| 100 | |a Tropp, Sandra Fehl | ||
| 245 | 0 | |a Shaping tradition : | |
| 245 | 0 | |b Art and diversity in the essay | |
| 245 | 0 | |c Sandra Fehl Tropp | |
| 260 | |a Fort Worth | ||
| 260 | |b Harcourt Brace Jovanovich College Publishers | ||
| 260 | |c 1992 | ||
| 650 | |a College readers,English language,Độc giả đại học,Tiếng Anh | ||
| 650 | |x Rhetoric,Hùng biện | ||
| 904 | |i Qhieu | ||
| 980 | |a Trung tâm Học liệu Trường Đại học Cần Thơ | ||